000 00628nam a22001697a 4500
005 20251108164109.0
008 250721s1994 xx 000 0 ara d
082 1 4 _a730/حوا
100 1 _aآل سعيد، شاكر حسين
245 1 0 _aحوار الفن التشكيلي :
_bمحاضرات و ندوات حول جوانب من الثقافة التشكيلية و علاقتها بالفنون العربية والإسلامية /
264 1 _aعمان :
_bمؤسسة شومان،
_c1994.
300 _a240ص
650 1 7 _aالفنون
650 1 7 _aالفنون التشكيلية
942 _2ddc
_cBK
999 _c3525
_d3525